|
|
|
|
| LEADER |
00000cam a2200000 a 4500 |
| 001 |
UCD1195 |
| 003 |
CL-VaPUC |
| 005 |
20200520101624.0 |
| 008 |
160114e20150000sp |||||||||||||||||spa|d |
| 999 |
|
|
|c 362595
|d 362593
|
| 020 |
|
|
|a 9788490221495
|
| 040 |
|
|
|c Pontificia Universidad Católica de Valparaíso
|
| 082 |
0 |
4 |
|a 616 JIM 2015
|2 21
|
| 100 |
0 |
|
|a Jiménez Murillo, Luis
|9 584282
|
| 245 |
1 |
0 |
|a Medicina de urgencias y emergencias: guía diagnóstica y protocolos de actuación
|
| 250 |
|
|
|a Quinta edición
|
| 260 |
|
|
|a Barcelona
|b Elsevier
|c 2015
|
| 300 |
|
|
|a 1020 páginas
|
| 583 |
|
|
|a last modification
|c 20160114 01:07:00
|k Rodrigo Vera
|
| 650 |
|
7 |
|a MEDICINA INTERNA
|2 CL-VaPUC
|9 429253
|
| 700 |
0 |
|
|a Montero Pérez, F. Javier
|9 584283
|
| 942 |
|
|
|c BK
|2 ddc
|
| 945 |
|
|
|d 20160114 01:07:00
|a dcastane
|
| 952 |
|
|
|0 0
|1 0
|2 ddc
|3 erb
|4 0
|6 616_000000000000000_JIM_2015
|7 0
|8 A
|9 473939
|a BIBCUR
|b BIBCUR
|i 5262518
|o 616 JIM 2015
|p 5262518
|r 2025-04-22
|t 1
|w 2019-11-24
|y BK
|z Catalogado en:20160114
|k BIO
|
| 952 |
|
|
|0 0
|1 0
|2 ddc
|3 erb
|4 0
|6 616_000000000000000_JIM_2015
|7 0
|8 A
|9 473940
|a BIBCUR
|b BIBCUR
|i 526250K
|o 616 JIM 2015
|p 526250K
|r 2025-04-22
|t 2
|w 2019-11-24
|y BK
|z Catalogado en:20160114
|k BIO
|